Kalayogi Ananda Kumaraswamy ಕಲಾಯೋಗಿ ಆನಂದ ಕುಮಾರಸ್ವಾಮಿ (ವಿಶ್ವ ಸಂಸ್ಕೃತಿಯ ಹರಿಕಾರ ) (Record no. 221978)
[ view plain ]
| 000 -LEADER | |
|---|---|
| fixed length control field | 00770nam a22001937a 4500 |
| 005 - DATE AND TIME OF LATEST TRANSACTION | |
| control field | 20220325090316.0 |
| 008 - FIXED-LENGTH DATA ELEMENTS--GENERAL INFORMATION | |
| fixed length control field | 220322b ||||| |||| 00| 0 eng d |
| 040 ## - CATALOGING SOURCE | |
| Transcribing agency | AL |
| 041 ## - LANGUAGE CODE | |
| Language code of text/sound track or separate title | Kannada |
| 082 ## - DEWEY DECIMAL CLASSIFICATION NUMBER | |
| Edition number | 23 |
| Classification number | K894.8 |
| Item number | HARK |
| 100 ## - MAIN ENTRY--PERSONAL NAME | |
| Personal name | G B Harisha ಜಿ ಬಿ ಹರೀಶ |
| 100 ## - MAIN ENTRY--PERSONAL NAME | |
| 9 (RLIN) | 25795 |
| 245 ## - TITLE STATEMENT | |
| Title | Kalayogi Ananda Kumaraswamy ಕಲಾಯೋಗಿ ಆನಂದ ಕುಮಾರಸ್ವಾಮಿ (ವಿಶ್ವ ಸಂಸ್ಕೃತಿಯ ಹರಿಕಾರ ) |
| 260 ## - PUBLICATION, DISTRIBUTION, ETC. | |
| Place of publication, distribution, etc. | Bengaluru |
| Name of publisher, distributor, etc. | Vandemataram Prakashana |
| Date of publication, distribution, etc. | 2022 |
| 300 ## - PHYSICAL DESCRIPTION | |
| Extent | xv,201 p. |
| Other physical details | PB |
| Dimensions | 21.5x14 cm. |
| 365 ## - TRADE PRICE | |
| Price type code | BLCR-000132 |
| Price amount | ₹200.00 |
| Currency code | ₹ |
| Unit of pricing | ₹250.00 |
| Price note | 20% |
| Price effective from | 11-03-2022 |
| 650 ## - SUBJECT ADDED ENTRY--TOPICAL TERM | |
| Topical term or geographic name entry element | Kannada Miscellaneous |
| 9 (RLIN) | 24784 |
| 700 ## - ADDED ENTRY--PERSONAL NAME | |
| Personal name | Harisha (G B) ಹರೀಶ (ಜಿ ಬಿ ) |
| 9 (RLIN) | 24785 |
| 942 ## - ADDED ENTRY ELEMENTS (KOHA) | |
| Source of classification or shelving scheme | Dewey Decimal Classification |
| Koha item type | Book |
| Withdrawn status | Lost status | Source of classification or shelving scheme | Damaged status | Not for loan | Collection code | Home library | Current library | Date acquired | Source of acquisition | Cost, normal purchase price | Total Checkouts | Full call number | Barcode | Date last seen | Cost, replacement price | Price effective from | Koha item type |
|---|---|---|---|---|---|---|---|---|---|---|---|---|---|---|---|---|---|
| Dewey Decimal Classification | Kannada | St Aloysius Library | St Aloysius Library | 03/12/2022 | Navakarnataka Publications Pvt.Ltd. | 200.00 | K894.8 HARK | 075694 | 03/22/2022 | 250.00 | 03/22/2022 | Book |